01207nam a22003257a 4500003000500000005001700005008004100022010001000063011001000073035001000083040000900093090001000102100004400112245008800156260006000244300002200304502007800326590003700404590004100441590004100482590004100523590004200564650004600606650003100652901000700683942001000690949003600700999001700736952012800753CHAP20220329135559.0971013s1982 r 00010 d a38810 a39782 a43907 cCHAP aTesis00aPeña Ortega, Margarita Gisela.986818 aComportamiento de la generación F2 del híbrido de maíz H-131 en dos ambientes aCuautitlán Izcalli, Edo. de Méx. :bEl autor,c1982 a64 h.b: gráfs. aTesis (Ing. Agrícola) -- UNAM. Fac. de Estudios Superiores Cuautitlán aALEPHb10c20130110lUCH01h1305 aBATCH-UPDb10c20130110lUCH01h1722 aBATCH-UPDb10c20130410lUCH01h1105 aBATCH-UPDb10c20130914lUCH01h1751 aCONVERSIONb10c20130109lUCH01h132214aMaízxEfecto del medio ambiente.97093514aMaízxHíbridos.970974 aBK cTESIS bBCcTESd-100479eTS1i43907si c38810d38810 00102local4051708TESISaBCbBCcPA_TESISd2012-12-17fTESISl0oTesisp-100479r2019-12-31 00:00:00w2019-12-31yTESIS